| 000 | 00745nam a2200289Ia 4500 | ||
|---|---|---|---|
| 008 | 180803s9999 xx 000 0 und d | ||
| 020 | _a9780545479721 | ||
| 050 | _bR813 2011 | ||
| 100 | _aRosenberg, Liz | ||
| 245 | 0 | _aTyrannosaurus dad / | |
| 245 | 0 | _cby Liz Rosenberg ; illustrated by Matthew Myers. | |
| 260 | _aBroadway, New York : | ||
| 260 | _bScholastic, | ||
| 260 | _c2011 | ||
| 300 | _aunpaged : | ||
| 300 | _bcolored ; | ||
| 300 | _c20cm. | ||
| 500 | _a560 | ||
| 650 | _aBullying -- | ||
| 650 | _aFathers and sons -- | ||
| 650 | _aTyrannosaurus rex -- | ||
| 650 | _xJuvenile literature. | ||
| 650 | _xJuvenile literature. | ||
| 650 | _xJuvenile Literature. | ||
| 700 | _aMyers, Matthew. | ||
| 700 | _aTitle. | ||
| 999 |
_c358264 _d358264 |
||